| 000 | 01052nam a2200265 a 4500 | ||
|---|---|---|---|
| 001 | 000021973 | ||
| 005 | 20200930011528.0 | ||
| 008 | 100915s1999 dr a 001 0 spa d | ||
| 040 |
_aDO-SdBNP _bspa _cBNPHU |
||
| 082 |
_a841.92 _bB219i |
||
| 100 | 1 |
_aBansept, Claudine, _d1954- _945557 |
|
| 245 | 1 | 3 |
_aLa isla de Silvano Lora y Chichi Cordero y los perros / _cClaudine Bansept ; presentación Claude Couffon ; traducción Takali Blasco ; ilustración Silvano Lora, José García Cordero. |
| 246 | 1 |
_aLa isla de Silvano Lora : _bLÎle de Silvano Lora / |
|
| 260 |
_aSanto Domingo : _bEditorial Publiguías, _c1999. |
||
| 300 |
_a44 p. : _bil. ; _c22 cm. |
||
| 500 | _aIncluye notas al pie de las páginas | ||
| 590 | _aInventariado, 2018/ YL | ||
| 650 | 4 |
_aProsa poética francesa _939335 |
|
| 650 | 4 |
_aLiteratura francesa _91074 |
|
| 700 | 1 | 2 |
_aCouffon, Claude _926662 |
| 700 | 1 | 2 |
_aBlasco, Takali, _etr. _945558 |
| 700 | 1 | 2 |
_aLora, Silvano, _eil. _945559 |
| 700 | 1 | 2 |
_aGarcía Cordero, José, _eil. _945560 |
| 910 | _aValidado. Control de caliad MFF | ||
| 999 |
_c21471 _d21471 |
||